00453 2200193 4500001002100000005001500021008004100036020001800077035001900095041000700114082000800121090001400129100001500143245001700158260001700175300002600192500001100218650003000229INLIS00000000000377220241224112803241224||||||||| | ||| |||| || |  a979-24-5672-4 0010-1224003772 aid0 a923 a923 AGU t0 aAgus Salim00aS.K Trimurti bJembarc2007 a80 hlm.; ilus.: 20 cm aCet. 1 0aIlmu Sejarah dan Biografi